| 000 | 01173nam a22002657a 4500 | ||
|---|---|---|---|
| 005 | 20170124102932.0 | ||
| 010 | _aB-156471 | ||
| 020 |
_c240.00 _a8190158368 |
||
| 035 | _aB-156471 | ||
| 037 | _bCen Lib/Ret | ||
| 040 |
_aDPL _bHN |
||
| 082 |
_a363.7 _bगोयल |
||
| 100 |
_aगोयल, अश्वनी _9210 |
||
| 245 |
_aपर्यावरण : _cअश्वनी गोयल [एवं] रश्मि गोयल _bकल आज और कल / |
||
| 246 |
_aParyavaran : kal aaj aur kal / _bby Ashwani Goyal [and] Rashmi Goyal |
||
| 260 |
_bसाहित्य संस्थान _aगाजियाबाद _c2004 |
||
| 270 |
_aई-10/660, उत्तरांचल कॉलोनी, लोनी बॉर्डर _bउत्तर प्रदेश _e201102 |
||
| 300 |
_a226पृ. _c20सेमी (सजिल्द) |
||
| 650 |
_aहिन्दी साहित्य _945467 |
||
| 650 |
_aपर्यावरण _945468 |
||
| 650 |
_aHindi literature _945469 |
||
| 650 |
_aEnvironment _94310 |
||
| 700 |
_aगोयल, रश्मि _97558 |
||
| 942 |
_2ddc _cHN _h363.7 _mगोयल |
||
| 999 |
_c112010 _d112010 |
||